Nghệ thuật trần thuật của Nguyễn Tuân qua Vang bóng một thời

Nguyễn Tuân với Vang bóng một thời..Các thủ pháp trần thuật trong Vang bóng một thời...

محفوظ في:
التفاصيل البيبلوغرافية
المؤلف الرئيسي: Phạm, Trọng Đạt
مؤلفون آخرون: Nguyễn Phong Nam Người hướng dẫn (PGS.TS)
التنسيق: كتاب
اللغة:Vietnamese
منشور في: Đại học Sư Phạm Đại học Đà Nẵng 2011
الموضوعات:
الوسوم: إضافة وسم
لا توجد وسوم, كن أول من يضع وسما على هذه التسجيلة!
Thư viện lưu trữ: Mạng thư viện Đại học Đà Nẵng
LEADER 01327nam a2200325 4500
001 000011085
003 7313
005 20120201150204.0
008 120201s2011 viesd
041 |a vie 
072 |a Khóa luận tốt nghiệp - Cử nhân văn học 
082 |a 895.9223  |b PH-Đ 
100 1 |a Phạm, Trọng Đạt 
245 1 |a Nghệ thuật trần thuật của Nguyễn Tuân qua Vang bóng một thời  |c Phạm, Trọng Đạt 
260 |a Đại học Sư Phạm  |b Đại học Đà Nẵng  |c 2011 
300 |a 58 tr.  |c 29 cm. 
500 |a Khóa luận tốt nghiệp 
520 |a Nguyễn Tuân với Vang bóng một thời..Các thủ pháp trần thuật trong Vang bóng một thời... 
653 |a Nguyễn Tuân  |a Vang bóng một thời 
700 |a Nguyễn Phong Nam  |c Người hướng dẫn  |e PGS.TS 
OWN |a LSP 
AVA |a UDN50  |b LSP  |d 895.9223 PH-Đ  |e available  |t Error 5001 Not defined in file expand_doc_bib_avail.  |f 1  |g 0  |h N  |i 0  |k 1 
999 |a From the UDN01 
AVA |a UDN50  |b LSP  |d 895.9223 PH-Đ  |e available  |t Error 5001 Not defined in file expand_doc_bib_avail.  |f 1  |g 0  |h N  |i 0  |k 1 
TYP |a Monograph 
TYP |a Printed language 
980 |a Mạng thư viện Đại học Đà Nẵng